|
|
|
|
| LEADER |
00000nam0a2200000 4500 |
| 001 |
77520 |
| 005 |
20231101212934.0 |
| 035 |
|
|
|a (RuTPU)RU\TPU\book\83121
|
| 090 |
|
|
|a 77520
|
| 100 |
|
|
|a 20050523d1987 k y0rusy50 ca
|
| 101 |
0 |
|
|a rus
|
| 102 |
|
|
|a RU
|
| 105 |
|
|
|a y z 001zy
|
| 200 |
1 |
|
|a Разделение многокомпонентных систем в химической технологии. Методы расчета
|e учебное пособие
|f В. В. Кафаров, Ю. Н. Ковалев, В. Н. Ветохин
|g Московский химико-технологический институт им. Д. И. Менделеева
|
| 210 |
|
|
|a Москва
|c Изд-во МХТИ
|d 1987
|
| 215 |
|
|
|a 84 с.
|
| 320 |
|
|
|a Библиогр.: с. 83
|
| 610 |
1 |
|
|a химическая технология
|
| 610 |
1 |
|
|a многокомпонентные системы
|
| 610 |
1 |
|
|a расчет
|
| 610 |
1 |
|
|a массообменные аппараты
|
| 610 |
1 |
|
|a равновесие
|
| 610 |
1 |
|
|a потоки
|
| 610 |
1 |
|
|a колонны
|
| 610 |
1 |
|
|a массообменные процессы
|
| 610 |
1 |
|
|a алгоритмы
|
| 675 |
|
|
|a 66.048(075.8)
|v 3
|
| 700 |
|
1 |
|a Кафаров
|b В. В.
|g Вячеслав Викторович
|
| 701 |
|
1 |
|a Ковалев
|b Ю. Н.
|g Юрий Николаевич
|
| 701 |
|
1 |
|a Ветохин
|b В. Н.
|g Валентин Николаевич
|
| 712 |
0 |
2 |
|a Московский химико-технологический институт им. Д. И. Менделеева
|2 stltpush
|3 (RuTPU)RU\TPU\col\1701
|9 23590
|
| 801 |
|
1 |
|a RU
|b 63413507
|c 20050523
|g PSBO
|
| 801 |
|
2 |
|a RU
|b 63413507
|c 20050905
|g PSBO
|
| 942 |
|
|
|c BK
|